书目信息 |
| 题名: |
中国革命史简编
|
|
| 作者: | 马模贞 主编 | |
| 分册: | ||
| 出版信息: | 北京 北京医科大学、中国协和医科大学联合出版社 1991.12 |
|
| 页数: | 293页 | |
| 开本: | 19cm | |
| 丛书名: | ||
| 单 册: | ||
| 中图分类: | K25 | |
| 科图分类: | 22.27 | |
| 主题词: | 资产阶级民主革命--历史--中国--医学院校--教材 , 社会主义革命--历史--中国--医学院校--教材 , 新民主主义革命--历史--中国--医学院校--教材 | |
| 电子资源: | ||
| ISBN: | 7-81034-106-5 | |
| 000 | 00884nam0 2200277 45 | |
| 001 | 0192010286 | |
| 005 | 20070725103024.04 | |
| 010 | @a7-81034-106-5@dCNY2.10 | |
| 020 | @aCN@b92010286 | |
| 100 | @a19920826d1991 em y0chiy0121 ea | |
| 101 | 0 | @achi |
| 102 | @aCN@b110000 | |
| 105 | @ay z 000yy | |
| 200 | 10 | @a中国革命史简编@Azhong guo ge ming shi jian bian@f马模贞主编@Fma mo zhen zhu bian |
| 210 | @a北京@c北京医科大学、中国协和医科大学联合出版社@d1991.12 | |
| 215 | @a293页@d19cm | |
| 300 | @a高等医药院校教材 | |
| 540 | 1 | @a中国革命史@Azhong guo ge ming shi |
| 606 | @a资产阶级民主革命@x历史@y中国@x医学院校@x教材 | |
| 606 | @a社会主义革命@x历史@y中国@x医学院校@x教材 | |
| 606 | @a新民主主义革命@x历史@y中国@x医学院校@x教材 | |
| 690 | @aK25 | |
| 692 | @a22.27 | |
| 701 | 0 | @a马模贞@Ama mo zhen@4主编 |
| 801 | 0 | @aCN@bTSSF@c20070725 |
| 905 | @a10447@dK25@e169 | |
| 中国革命史简编/马模贞主编.-北京:北京医科大学、中国协和医科大学联合出版社,1991.12 |
| 293页;19cm |
| 高等医药院校教材 |
| ISBN 7-81034-106-5:CNY2.10 |
| ● |
| 相关链接 |
|
|
|
|
正题名:中国革命史简编
索取号:K25/169
 
预约/预借
| 序号 | 登录号 | 条形码 | 馆藏地/架位号 | 状态 | 备注 |
| 1 | 0767416 | 207674168 | 第二样本阅览室/ [索取号:K25/169] | 在馆 |